LEADER 01182nam a2200265 i 4500 001 000000151876 003 CaOOAMICUS 005 20060714000000.0 008 060714s2006 it u000 u ita u 013 $a129217 020 $a88-307-1511-5 040 $aSeMil$bita 100 1 $aFalsina, Vittorio.$0(OLS)http://semarc/name/59654 245 13$aUn nuovo ordine mondiale :$binsegnamento sociale della chiesa e teologia della liberazione /$cVittorio Falsina ; Presentazione di Giacomo Canobbio. 260 $aBologna :$bEMI,$cCopyr. 2006. 300 $a206 p. ;$c21 cm. 490 0 $aMissione e Chiesa locale 700 1 $aCanobbio, Giacomo,$d<1945- >.$0(OLS)http://semarc/name/2572 830 0$aMissione e Chiesa locale.$0(OLS)http://semarc/title/10089 850 $aSeMil 852 $aSeMil$W1$xVenegono$y1$m2E II 403$j103855$B103855$CSeMilBibl$Z2$F113311 $81 961 $aOmaggio: Monti don Eros 996 $6020$a88-307-1511-5$9(OLS)http://semarc/number/141503 996 $6245$aUn nuovo ordine mondiale :$binsegnamento sociale della chiesa e teologia della liberazione$9(OLS)http://semarc/title/221988 996 $6260$aBologna :$bEMI$9(OLS)http://semarc/publisher/29618 LEADER 01344nam a2200253 i 4500 001 000000240692 003 CaOOAMICUS 005 20230908094956.0 008 150408s1813 fr u000 u fre u 026 $an-e! e.at ntn. pemi (3) 1813 (A) 040 $aSeMil$bita 100 1 $aRaynouard, François Juste Marie.$0(OLS)http://semarc/name/4332 245 10$aMonumens historiques, relatifs a la condamnation des chevaliers du temple, a l'abolition de leur ordre; par M. Raynouard, membre de l'Institut Impérial de France, et de la Légion d'Honneur. 264 1$aParis :$bDe l'Impriemrie d'Adrien Égron,$c1813. 300 $a[6], XXXVI, 317 p. ;$c8°. 650 4$aOrdine dei Templari - Storia.$0(OLS)http://semarc/subject/4993 700 1 $aÉgron, Adrien César,$c.$0(OLS)http://semarc/name/81566 850 $aSeMil 852 $aSeMil$W1$xVenegono$y1$m3D IV 62 FA$j191038$B191038$CSeMilBibl$Z2$F201858 $8I 941 1 $a10 961 $aRecupero: Mantegazza 996 $6245$aMonumens historiques, relatifs a la condamnation des chevaliers du temple, a l'abolition de leur ordre; par M. Raynouard, membre de l'Institut Impérial de France, et de la Légion d'Honneur$9(OLS)http://semarc/title/342249 996 $6264$aParis :$bDe l'Impriemrie d'Adrien Égron$9(OLS)http://semarc/publisher/54472